| 000 | 01613cam a2200325 4500 | ||
|---|---|---|---|
| 001 | L157740 | ||
| 002 | 9937 | ||
| 008 | #DATE n2013 000 0 eng u | ||
| 020 | _a9780470672433 | ||
| 035 | _a(Sirsi) u157740 | ||
| 041 | 0 | _aeng | |
| 050 | 0 | 4 | _a658.404 $2 18 |
| 100 | 1 | _aMorledge, Roy | |
| 245 | 0 | 0 | _aBuilding procurement |
| 250 | _a2nd ed. | ||
| 260 |
_aOxford _bBlackwell Publishing Ltd _c2013 |
||
| 300 |
_axvi, 327p _c25cm. |
||
| 350 | _a42.99 | ||
| 505 | 2 | _aIntroduction -- Procurement strategy: a literature review -- Principles of strategic procurement -- Public sector projects -- Project initiation -- Briefing and the design process -- Procurement strategies and procurement routes -- Project team selection -- Managing the procurement process -- The value of design -- Risk management-- Partnering culture and the management of relationships -- Privately financed public sector projects -- Construction procurement: Europe, the Middle East and China --Procurement of work to heritage buildings -- Summary. | |
| 520 | _aProvides a critical review of current practices in building procurement, evaluates new approaches, particularly in the USA, and discusses the reasons behind the change in traditional UK procurement approaches. It also examines procurement practices in Europe, including EU procurement procedures, China and the USA. | ||
| 590 | _aIKA230506 | ||
| 651 | 4 |
_aUnited Kingdom _y |
|
| 651 | 4 | _aEUROPE | |
| 651 | 4 | _aCHINA | |
| 651 | 4 | _aUNITED STATES | |
| 690 |
_aProcurement _96260 |
||
| 700 | 1 | _aSmith, Adrian | |
| 700 | 1 | _aKashiwagi, Dean T. | |
| 942 | _n0 | ||
| 999 |
_c114944 _d114944 |
||